000 00845nam a2200241 u 4500
001 000606226
003 AM-YeHGA
005 20250617135452.0
008 081022s2007 nyua r 000 0 eng d
040 _aAM-YeHGA
041 0 _aeng
100 1 _aPickett, Kurt M.
245 1 0 _aRevision and cladistic analysis of the nocturnal social wasp genus, Apoica Lepeletier (Hymenoptera: Vespidae; Polistinae, Epiponini) /
_cKurt M. Pickett and John W. Wenzel.
260 _aNew York :
_bAmerican Museum of Natural History,
_c2007.
300 _a30 p. :
_bill., fig., tab.
490 1 _aAmerican Museum Novitates
_x0003-0082
_vNo. 3562
504 _aBibliogr.: p. 28-29
650 1 4 _aZoology
700 1 _aWenzel, John W.
710 2 _aAmerican Museum of Natural History
830 0 _aAmerican Museum of Novitates
_vNo. 3562
090 _c202582
999 _c201095
_d201095